Využitie menových swapov v praxi

Základné charakteristiky menových swapov. Špecifiká swapových kontraktov a praktické príklady ich konkrétneho použitia vo forme kontraktov ponúkaných komerčnými bankami.

Gespeichert in:
Bibliographische Detailangaben
1. Verfasser: Ponecová, Gabriela
Weitere Verfasser: Markovič, Peter, 1974-
Format: Buchkapitel
Sprache:Slowakisch
Schlagworte:
Tags: Tag hinzufügen
Keine Tags, Fügen Sie das erste Tag hinzu!

MARC

LEADER 00000nla a2200000 4500
001 0163234
005 20240502072832.2
041 0 |a slo 
044 |a SK 
245 1 0 |a Využitie menových swapov v praxi  |c Gabriela Ponecová, Peter Markovič 
520 |a Základné charakteristiky menových swapov. Špecifiká swapových kontraktov a praktické príklady ich konkrétneho použitia vo forme kontraktov ponúkaných komerčnými bankami. 
610 2 0 |a swap 
610 2 0 |a deriváty 
610 2 0 |a financie 
610 2 0 |a mena 
610 2 0 |a banky 
610 2 0 |a kontrakty 
100 1 |a Ponecová, Gabriela 
700 1 |a Markovič, Peter, 1974-